000 00382nam a2200145Ia 4500
008 240624s9999 xx 000 0 und d
041 _aeng
082 _a174.4 FER
100 _aFERRELL O C
245 _aBUSINESS ETHICS ETHICAL DECISION MAKING
250 _a(9th ed.)
260 _c2014
_aNew Delhi
_bCengage Learning
300 _axviii, : 575 : p. : cm. ; 26
365 _cRS
_b31
999 _c25170
_d25170